Представление документа в формате RUSMARC

ПолеНазваниеЗначение
  Тип записи a
  Библиографический уровень a
001 Контрольный номер 89e6d99729bd444bbc448dd54f0577e6
005 Дата корректировки 20241015111256.4
100 Данные общей обработки __
a Данные общей обработки 20241015 ||| 0rusy0189 ca
101 Язык документа 0_
a Язык текста rus
102 Страна публикации __
a Страна публикации RU
200 Заглавие и сведения об ответственности 1_
a Заглавие Косолапый сладкоежка
e Сведения, относящиеся к заглавию [о буром медведе]
f Первые сведения об ответственности И. Линькова
461 Уровень набора _0
1 2000
a Тошка и компания
463 Уровень физической единицы _0
1 2000
a № 9
v С. 2-5 : фот.
1 2101
d 2024
1 001d51acaf47e7648018ecbc2d56850d868
606 Тематические рубрики 0_
a Основная рубрика Млекопитающие - Медведи
610 Ключевые слова 0_
a Ключевые слова млекопитающие, бурые медведи, кадьяки, медведи-шатуны, спячка, пищухоеды, тибетские бурые медведи
686 Индексы других классификаций __
a Классификационный индекс 28.693.36
700 Автор _1
a Фамилия Линькова
b Имя (инициалы) И.
g Полное личное имя Идель
801 Источник записи _0
a Страна RU
b Организация УОБДЮ
c Дата составления 20241015
g Правила каталогизации RCR
801 Источник записи _1
a Страна RU
b Организация УОБДЮ
c Дата составления 20241015
g Правила каталогизации RCR
901 Тип документа __
t Тип документа b
w Контрольный № источника d51acaf47e7648018ecbc2d56850d868
905 Данные по созданию БЗ __
b Логин пользователя, который создал БЗ ibo3